<?xml version="1.0" encoding="UTF-8"?><?xml-stylesheet type="text/xsl" href="static/style.xsl"?><OAI-PMH xmlns="http://www.openarchives.org/OAI/2.0/" xmlns:xsi="http://www.w3.org/2001/XMLSchema-instance" xsi:schemaLocation="http://www.openarchives.org/OAI/2.0/ http://www.openarchives.org/OAI/2.0/OAI-PMH.xsd"><responseDate>2026-04-14T07:28:55Z</responseDate><request verb="GetRecord" identifier="oai:www.recercat.cat:2072/457420" metadataPrefix="marc">https://recercat.cat/oai/request</request><GetRecord><record><header><identifier>oai:recercat.cat:2072/457420</identifier><datestamp>2024-11-01T00:39:39Z</datestamp><setSpec>com_2072_98</setSpec><setSpec>col_2072_378192</setSpec></header><metadata><record xmlns="http://www.loc.gov/MARC21/slim" xmlns:dcterms="http://purl.org/dc/terms/" xmlns:xsi="http://www.w3.org/2001/XMLSchema-instance" xmlns:doc="http://www.lyncode.com/xoai" xsi:schemaLocation="http://www.loc.gov/MARC21/slim http://www.loc.gov/standards/marcxml/schema/MARC21slim.xsd">
   <leader>00925njm 22002777a 4500</leader>
   <datafield ind2=" " ind1=" " tag="042">
      <subfield code="a">dc</subfield>
   </datafield>
   <datafield ind2=" " ind1=" " tag="720">
      <subfield code="a">Del Río Morillas, Miguel Ángel</subfield>
      <subfield code="e">author</subfield>
   </datafield>
   <datafield ind2=" " ind1=" " tag="720">
      <subfield code="a">Universitat Autònoma de Barcelona. Grup de Recerca sobre l'Època Franquista</subfield>
      <subfield code="e">author</subfield>
   </datafield>
   <datafield ind2=" " ind1=" " tag="260">
      <subfield code="c">2015</subfield>
   </datafield>
   <datafield ind2=" " ind1=" " tag="520">
      <subfield code="a">Acción Regional (AR), liderada por el exministro del régimen franquista López Rodó, fue uno de los siete partidos / asociaciones que habrían dado vida, en octubre de 1976, a una plataforma neofranquista capaz de agregar las principales culturas políticas que habían participado activamente en la construcción y consolidación del régimen: Alianza Popular-AP. Entre las siete asociaciones / partidos que fundaron AP en octubre de 1976, AR se presentó como el más cercano al legado tecnocrático y de "regionalismo bien intencionado" del franquismo. Todo ello sin esperar un regreso al pasado, pero sin ni siquiera negarlo. Este artículo procede a un análisis en profundidad de la citada asociación / partido político.</subfield>
   </datafield>
   <datafield ind1="8" ind2=" " tag="024">
      <subfield code="a">http://hdl.handle.net/2072/457420</subfield>
   </datafield>
   <datafield tag="653" ind2=" " ind1=" ">
      <subfield code="a">History</subfield>
   </datafield>
   <datafield tag="653" ind2=" " ind1=" ">
      <subfield code="a">History</subfield>
   </datafield>
   <datafield ind2="0" ind1="0" tag="245">
      <subfield code="a">Acción Regional e López Rodó : «il regionalismo bien entendido» di Alianza Popular (1976-1977)</subfield>
   </datafield>
</record></metadata></record></GetRecord></OAI-PMH>